000 01653nam a2200517 i 4500
003 CtWfDGI
020 _a0851994806
040 _aCtWfDGI
_cCtWfDGI
082 0 4 _a333.75/13/094
100 1 _aMantau, Udo,
245 1 0 _aRecreational and environmental markets for forest enterprises:
_ba new approach towards marketability of public goods
260 _aUK
_bCAB International
_c2001
300 _a1 online resource (xi, 541 pages) :
500 _aCAB International
546 _aEnglish
650 0 _aForests and forestry
650 0 _aForests and forestry
650 0 _aForest products
650 4 _aForestry Economics, (New March 2000)
650 4 _aLeisure, Recreation and Tourism Economics, (New March 2000)
650 4 _aMarketing and Distribution.
650 4 _aForests and Forest Trees (Biology and Ecology)
650 4 _aSilviculture and Forest Management.
650 4 _aForest Products and Industries (General)
650 4 _aRecreational Facilities and Management, (New March 2000)
650 4 _aTourism and Travel.
650 7 _aCase studies.
650 7 _aEnvironment.
650 7 _aForest economics.
650 7 _aForest management.
650 7 _aForest policy.
650 7 _aForest products.
650 7 _aForest recreation.
650 7 _aForests.
650 7 _aMarketing.
650 7 _aMultiple use.
650 7 _aNon-market benefits.
650 7 _aProperty rights.
650 7 _aResearch projects.
650 7 _aTourism.
700 1 _aMerlo, M.,
700 1 _aSekot, W.
700 1 _aWelcker, Borris,
856 4 0 _uhttp://dx.doi.org/10.1079/9780851994802.0000
942 _2ddc
_cEB
999 _c140409
_d140409